000 01058nam a22002297a 4500
999 _c5368
_d5368
005 20251125232801.0
008 s2540 th tha d
040 _aNALT
041 _atha
050 _aJN2441 บ241ก 2540
100 0 _aบวรศักดิ์ อุวรรณโณ
245 1 0 _aการปฏิรูปการเมืองฝรั่งเศส : ข้อคิดในการปฏิรูปการเมืองไทย
260 3 _aกรุงเทพฯ :
_bนิติธรรม,
_c2540
300 _a56 หน้า ;
_b 21 ซม.
650 0 4 _aฝรั่งเศส -- รัฐธรรมนูญ
650 0 4 _aฝรั่งเศส -- การเมืองและการปกครอง
650 0 4 _aการปฏิรูปการเมือง -- ฝรั่งเศส
850 _aNALT
856 4 0 _uhttps://hdl.handle.net/20.500.14156/336618
_71
942 _cGB
_02
_2lcc
998 _j111
_k นางสาวพจพิณ พรมเอี่ยม